Empowering communities: proactive strategies to combat hate crime victimization

Hate crimes are reprehensible acts driven by animosity and bias against specific target groups, transcending borders and geographical boundaries. Effectively addressing hate crimes necessitates a profound understanding of the victims impacted by prejudice and hostility. To combat crimes rooted in pr...

Descripción completa

Guardado en:  
Detalles Bibliográficos
Autor principal: Ozeroglu, Alev (Autor)
Tipo de documento: Print Artículo
Lenguaje:Inglés
Publicado: 2024
En: Modern insights and strategies in victimology
Año: 2024, Páginas: 76-92
Verificar disponibilidad: HBZ Gateway

MARC

LEADER 00000naa a2200000 c 4500
001 1940155274
003 DE-627
005 20251104120432.0
007 tu
008 251104s2024 xx ||||| 00| ||eng c
020 |a 9798369347133 
035 |a (DE-627)1940155274 
035 |a (DE-599)KXP1940155274 
040 |a DE-627  |b ger  |c DE-627  |e rda 
041 |a eng 
084 |a 2,1  |2 ssgn 
100 1 |a Ozeroglu, Alev  |e VerfasserIn  |4 aut 
245 1 0 |a Empowering communities: proactive strategies to combat hate crime victimization  |c Alev Ozeroglu 
264 1 |c 2024 
336 |a Text  |b txt  |2 rdacontent 
337 |a ohne Hilfsmittel zu benutzen  |b n  |2 rdamedia 
338 |a Band  |b nc  |2 rdacarrier 
500 |a Literaturverzeichnis: Seite 91-92 
520 |a Hate crimes are reprehensible acts driven by animosity and bias against specific target groups, transcending borders and geographical boundaries. Effectively addressing hate crimes necessitates a profound understanding of the victims impacted by prejudice and hostility. To combat crimes rooted in prejudice, it is crucial to delve into the experiences of the victims. A comprehensive understanding of their needs, characteristics, and perspectives becomes paramount for conducting thorough investigations, countering criminal activities, and preventing further victimization. Within this framework, this chapter encompasses the identification of victim groups affected by hate crimes and a detailed exploration of the requisite measures to eradicate victimization. This multifaceted approach aims not only to address the immediate consequences of hate crimes but also to implement proactive strategies that contribute to the prevention of recurrent victimization. 
773 0 8 |i Enthalten in  |t Modern insights and strategies in victimology  |d Hershey, PA : IGI Global, 2024  |g (2024), Seite 76-92  |h xviii 292 Seiten  |w (DE-627)1884778615  |z 9798369322017  |z 9798369347133  |7 nnam 
773 1 8 |g year:2024  |g pages:76-92 
776 1 |o 10.4018/979-8-3693-2201-7.ch004 
951 |a AR 
ELC |b 1 
LOK |0 000 xxxxxcx a22 zn 4500 
LOK |0 001 4796077863 
LOK |0 003 DE-627 
LOK |0 004 1940155274 
LOK |0 005 20251104120424 
LOK |0 008 251104||||||||||||||||ger||||||| 
LOK |0 040   |a DE-2619  |c DE-627  |d DE-2619 
LOK |0 092   |o n 
LOK |0 852   |a DE-2619 
LOK |0 852 1  |9 00 
LOK |0 939   |a 04-11-25  |b l01 
ORI |a SA-MARC-krimdoka001.raw